Szybkie dodawanie - Statystyki

Ogólne statystyki
  • Ten quiz został rozwiązany 380 razy
  • Średni wynik to 8 z 15
Statystyki odpowiedzi
Hint Odpowiedź % Poprawnych
8+12 20
100%
23+61 84
97%
109+23 132
93%
66+66 132
93%
87+21 108
89%
133+108 241
81%
97+397 494
58%
188+188 376
45%
28+69 97
37%
26+98 124
34%
176+37 213
30%
391+275 666
22%
47+389 436
13%
393+138 531
11%
338+658 996
8%
Nie znaleziono quizów pasujących do podanych kryteriów
Rozkład punktacji
Procent ludzi z każdym wynikiem
Percentyl według liczby udzielonych odpowiedzi
Twoja historia wyników
Nie rozwiązałeś tego quizu